Swamy's compilation on group insurance schemes for Central Government Employees and Union Territory Government Employees : (Record no. 891747)

MARC details
000 -LEADER
fixed length control field 01170nam a2200337 a 4500
001 - CONTROL NUMBER
control field vtls001438692
003 - CONTROL NUMBER IDENTIFIER
control field NLI
005 - DATE AND TIME OF LATEST TRANSACTION
control field 20210627122020.0
008 - FIXED-LENGTH DATA ELEMENTS--GENERAL INFORMATION
fixed length control field 121130n ii 000 0 eng
020 ## - INTERNATIONAL STANDARD BOOK NUMBER
Terms of availability Ra.20.00 (pbk.)
039 #9 - LEVEL OF BIBLIOGRAPHIC CONTROL AND CODING DETAIL [OBSOLETE]
-- 201211301643
-- VLOAD
040 ## - CATALOGING SOURCE
Original cataloging agency NLI
Language of cataloging eng
Transcribing agency Datasoft_GENG
Description conventions AACR2
041 0# - LANGUAGE CODE
Language code of text/sound track or separate title eng
044 ## - COUNTRY OF PUBLISHING/PRODUCING ENTITY CODE
MARC country code ii
082 04 - DEWEY DECIMAL CLASSIFICATION NUMBER
Classification number 368.56
100 1# - MAIN ENTRY--PERSONAL NAME
Personal name Muthuswamy, P.
9 (RLIN) 990536
245 10 - TITLE STATEMENT
Title Swamy's compilation on group insurance schemes for Central Government Employees and Union Territory Government Employees :
Remainder of title corrected up to 1st May, 1990 /
Statement of responsibility, etc. by P. Muthuswamy and V. Brinda
260 ## - PUBLICATION, DISTRIBUTION, ETC.
Place of publication, distribution, etc. Madras :
Name of publisher, distributor, etc. Swamy Pub.,
Date of publication, distribution, etc. [n.d.]
300 ## - PHYSICAL DESCRIPTION
Extent iv, 128 p. ;
Dimensions 21 cm.
610 20 - SUBJECT ADDED ENTRY--CORPORATE NAME
Corporate name or jurisdiction name as entry element India
Title of a work Employees' State Insurance Act, 1948
9 (RLIN) 1003557
650 #0 - SUBJECT ADDED ENTRY--TOPICAL TERM
Topical term or geographic name entry element Social security
General subdivision Law and legislation
Geographic subdivision India
9 (RLIN) 795216
650 #0 - SUBJECT ADDED ENTRY--TOPICAL TERM
Topical term or geographic name entry element Disability insurance
General subdivision Law and legislation
Geographic subdivision India
9 (RLIN) 996663
650 #0 - SUBJECT ADDED ENTRY--TOPICAL TERM
Topical term or geographic name entry element Insurance law
Form subdivision Cases
9 (RLIN) 998694
700 1# - ADDED ENTRY--PERSONAL NAME
Personal name Brinda, V
9 (RLIN) 990537
887 ## - NON-MARC INFORMATION FIELD
Content of non-MARC field
901 ## - LOCAL DATA ELEMENT A, LDA (RLIN)
a DB60520
b 01.11.1991
902 ## - LOCAL DATA ELEMENT B, LDB (RLIN)
a E 368.56 M 983
904 ## - LOCAL DATA ELEMENT D, LDD (RLIN)
l 602
949 ## - LOCAL PROCESSING INFORMATION (OCLC)
-- VIRTUAITEM
-- 10000
-- 100
6 DBA000060520ENG
942 ## - ADDED ENTRY ELEMENTS (KOHA)
Source of classification or shelving scheme Dewey Decimal Classification
Koha item type Books
Holdings
Withdrawn status Lost status Damaged status Not for loan Collection code Home library Current library Shelving location Date acquired Total Checkouts Full call number Barcode Date last seen Price effective from Koha item type
        New English National Library of India National Library of India New English - Main Stack Division     E 368.56 M 983 DBA000060520ENG 27/06/2021 27/06/2021 Books
                                                                           
web counter

Copyright ©2020 The National Library of India, Govt. of India ↔ Hosted by NVLI, MOC ↔ Technology and Design by National Library of India, Ministry of Culture, Govt. of India